000 00891nam a2200289 i 4500
001 66704
003 ES-MaACL
005 20250813063735.0
007 t|
008 030416s2003 sp ||||0| spa d
020 _a84-8164-590-7
040 _aM-BN
_bspa
_cM-BN
080 _a297(55)
100 1 _aCorbin, Henry.
_940471
245 1 0 _aTemplo y contemplación
_b: ensayos sobre el Islam iranio /
_cHenry Corbin ; traducción de María Tabuyo y Agustín López.
260 _aMadrid :
_bTrotta,
_c[2003]
300 _a402 p. ;
_c23 cm.
490 1 _aColección Paradigmas ;
_v32
500 _aIndice.
650 1 4 _aIslamismo-
_zIrán.
_913910
700 1 _aTabuyo, María
_9109044
700 1 _aLópez, Agustín
_973297
830 0 _aColección Paradigmas ;
_v32
_9180595
852 _aES-MaACL
_jL-27222
_bR.132861
999 _c66704
_d66704